Phase locking of nanosecond Gunn-effect oscillators; Instruments and Experimental Techniques; Vol. 54, iss. 6

Бібліографічні деталі
Parent link:Instruments and Experimental Techniques
Vol. 54, iss. 6.— 2011.— [P. 781-784]
Інші автори: Konev V. Yu. Vladimir Yurievich, Gubanov V. P. Vladimir Petrovich, Klimov A. I. Aleksey Ivanovich, Koval’chuk O. B. Oleg Borisovich, Rostov V. V. Vladislav Vladimirovich, Yalandin M. I. Michael Ivanovich
Резюме:Title screen
Phase locking of microwave oscillations of two nanosecond Gunn-effect X-band oscillators with a 20-W peak power is investigated. The phase is locked by the leading edge of the voltage pulse from the common modulator at each oscillator diode. It is shown that the standard deviation of the phase difference decreases, as the rate of the voltage rise increases until the oscillation starts, and it can be about 0.1 rad, corresponding to 1–2 ps on the time scale.
Режим доступа: по договору с организацией-держателем ресурса
Мова:Англійська
Опубліковано: 2011
Предмети:
Онлайн доступ:http://dx.doi.org/10.1134/S0020441211050216
Формат: Електронний ресурс Частина з книги
KOHA link:https://koha.lib.tpu.ru/cgi-bin/koha/opac-detail.pl?biblionumber=653759

MARC

LEADER 00000naa0a2200000 4500
001 653759
005 20250228115035.0
035 |a (RuTPU)RU\TPU\network\19273 
090 |a 653759 
100 |a 20170328d2011 k||y0rusy50 ba 
101 0 |a eng 
135 |a drcn ---uucaa 
181 0 |a i  
182 0 |a b 
200 1 |a Phase locking of nanosecond Gunn-effect oscillators  |d Фазовая синхронизация наносекундных генераторов Ганна  |f V. Yu. Konev [et al.] 
203 |a Text  |c electronic 
300 |a Title screen 
320 |a [References: 10 tit.] 
330 |a Phase locking of microwave oscillations of two nanosecond Gunn-effect X-band oscillators with a 20-W peak power is investigated. The phase is locked by the leading edge of the voltage pulse from the common modulator at each oscillator diode. It is shown that the standard deviation of the phase difference decreases, as the rate of the voltage rise increases until the oscillation starts, and it can be about 0.1 rad, corresponding to 1–2 ps on the time scale. 
333 |a Режим доступа: по договору с организацией-держателем ресурса 
461 |t Instruments and Experimental Techniques 
463 |t Vol. 54, iss. 6  |v [P. 781-784]  |d 2011 
510 1 |a Фазовая синхронизация наносекундных генераторов Ганна  |z rus 
610 1 |a электронный ресурс 
610 1 |a труды учёных ТПУ 
610 1 |a генераторы Ганна 
610 1 |a синхронизация 
610 1 |a синхронизированные генераторы 
701 1 |a Konev  |b V. Yu.  |g Vladimir Yurievich 
701 1 |a Gubanov  |b V. P.  |g Vladimir Petrovich 
701 1 |a Klimov  |b A. I.  |c specialist in the field of electronics  |c Associate Professor of Tomsk Polytechnic University, Candidate of physical and mathematical sciences  |f 1955-  |g Aleksey Ivanovich  |3 (RuTPU)RU\TPU\pers\32265 
701 1 |a Koval’chuk  |b O. B.  |g Oleg Borisovich 
701 1 |a Rostov  |b V. V.  |g Vladislav Vladimirovich 
701 1 |a Yalandin  |b M. I.  |g Michael Ivanovich 
801 2 |a RU  |b 63413507  |c 20170328  |g RCR 
856 4 |u http://dx.doi.org/10.1134/S0020441211050216 
942 |c CF